Texas Geography Quiz - Sudden Death - Statistics

General Stats
  • This quiz has been taken 680 times
    654 since last reset
  • The average score is 16 of 20
Answers on the Grid
Answers color-coded by a green-red scale on the quiz's grid according to % correct below.
Amarillo
Appalachian Mountains
Austin
Big Bend National Park
Biscayne Bay
Brownsville
Corpus Christi
Dallas
El Paso
Finger Lakes
Fort Worth
Four Corners
Galveston Bay
Grand Canyon National Park
Great Salt Lake
Guadalupe Mountains National Park
Gulf of California
Gulf of Mexico
Houston
Johnson Space Center
Las Cruces
Lubbock
Lyndon B. Johnson National Historical Park
Mexico City
Mississippi River
Mount St. Helens
New England
Ozark Mountains
Pacific Ocean
Potomac River
Red River
Rio Grande
San Antonio Riverwalk
Sioux Falls
South Padre Island
Taos
The Alamo
Tulsa
Upper Peninsula
White Sands National Park
 
Answer Stats
Answer % Correct
Amarillo
94%
Austin
92%
Dallas
92%
El Paso
91%
Houston
87%
Corpus Christi
86%
Fort Worth
86%
Galveston Bay
83%
The Alamo
81%
Gulf of Mexico
80%
Rio Grande
80%
San Antonio Riverwalk
78%
Lubbock
76%
Brownsville
74%
Johnson Space Center
71%
Lyndon B. Johnson National Historical Park
66%
Big Bend National Park
65%
Red River
64%
Guadalupe Mountains National Park
60%
South Padre Island
60%
No matching quizzes found
Score Distribution
Percent of People with Each Score
Percentile by Number Answered
Your Score History
You have not taken this quiz since the last reset